| 000 | 01120nam a22003615b 4500 | ||
|---|---|---|---|
| 001 | 00348182 | ||
| 003 | DO-SdBPM | ||
| 005 | 20250616122330.0 | ||
| 007 | ta | ||
| 008 | 930811s1992 sp | |||| ||spa | ||
| 017 |
_a _b |
||
| 020 | _a8434810174 | ||
| 035 | _a | ||
| 040 |
_aDO-SdBPM _bspa _cBPMSU _erda |
||
| 082 | 4 |
_a863.6 _bP984u 1992 _2 22 |
|
| 100 | 1 |
_aPuncel, María _d1927- _eautora |
|
| 245 | 1 | 0 |
_aUn duende a rayas / _cMaría Puncel ; ilustraciones, Margarita Puncel _h |
| 250 | _a16ª ed. | ||
| 264 |
_aMadrid : _bSM, _c1992 |
||
| 300 |
_a109 páginas ; _bilustraciones : _c20 cm |
||
| 336 |
_atexto _btxt _2rdacontent |
||
| 337 |
_asin mediación _bn _2rdamedia |
||
| 338 |
_avolumen _bnc _2rdacarrier |
||
| 490 | 0 |
_aEl barco de vapor; _aSerie azul, _v11 |
|
| 500 | _aPara niños a partir de los 7 años | ||
| 586 | _aPremio Lazarillo 1971 | ||
| 590 | _ainventariado, 2025/VM | ||
| 650 | 7 | _aCuentos infantiles españoles. | |
| 650 | 7 |
_aFantasmas _vCuentos infantiles |
|
| 700 | 1 |
_aPuncel, Margarita _eilustraciones |
|
| 910 | _aVMateo V. Control de calidad. BPMSU | ||
| 942 |
_2ddc _cBK |
||
| 999 |
_c9573 _d9573 |
||